| 000 | 00561nam a2200181 i 4500 | ||
|---|---|---|---|
| 001 | 62282 | ||
| 003 | ES-MaACL | ||
| 005 | 20250905123707.0 | ||
| 007 | t| | ||
| 008 | 031119s1930 sp ||||1| spa d | ||
| 100 | 1 |
_aFeine, E. _949121 |
|
| 245 | 1 | 4 |
_aLas sociedades de responsabilidad limitada / _cE. Feine ; traducción del alemán y prólogo de W. Roces. |
| 260 |
_aMadrid : _bs.n.], _c1930 ( _fImp. Helénica) |
||
| 300 |
_aXXIV, 554 p. ; _c24 cm. |
||
| 700 | 1 |
_aRoces, Wenceslao, _d1897-1992 _998039 |
|
| 852 |
_aES-MaACL _jA-37 |
||
| 999 |
_c62282 _d62282 |
||